000 00292nam a2200097Ia 4500
008 220120s9999||||xx |||||||||||||| ||und||
100 _aAnil Purushotham and Madhu M
_912374
245 0 _aProcess migration
260 _aCoorg Institute of Technology
_bPonnampet
_c2012
650 _aCOMPUTER SCIENCE
999 _c137961
_d137961